Prueba de Ghana - Estadísticas

Estadísticas generales
  • Esta prueba ha sido intentada 674 veces
  • La puntuación promedio es 9 de 15
Estadísticas de respuestas
Pista Respuesta % Correcto
Países que limitan con Ghana Costa de Marfil
92%
Países que limitan con Ghana Togo
92%
Idioma oficial Inglés
90%
Países que limitan con Ghana Burkina Faso
88%
Seis naciones europeas colonizaron Ghana. ¿Cuál fue la primera, en 1481? Portugal
85%
El golfo oceánico en el que se encuentra Ghana Golfo de {Guinea}
84%
Capital de Ghana Acra
82%
La principal línea de longitud en la que se encuentra Ghana Primer Meridiano
65%
... y el segundo productor de este grano tan deseado Cacao
55%
Nombre colonial de Ghana Costa de {Oro}
52%
Ghana es el segundo productor más importante de este tubérculo comestible Ñame
45%
Diplomático ghanés que dirigió la ONU de 1997 a 2006 Kofi Annan
33%
Río que fluye a través del país Río Volta
24%
Intelectual afroamericano que emigró a Ghana W.E.B. {Du} {Bois}
16%
Grupo étnico al que pertenece el 47,5% de la población Akan
12%
No se encontraron pruebas coincidentes
Distribución de puntuación
Porcentaje de gente con cada puntuación
Porcentaje por número respondido
Historial de tus puntuaciones
No has intentado esta prueba.